Mikä Afrikan valtio? - Monivalintavisa - Statistics

Yleistilastot
  • Tätä visaa on pelattu 409 kertaa
  • Keskiarvotulos 10 / 15
Vastaustilastot
Kysymys Vastaus % Oikein
Mikä valtio järjesti jalkapallon MM-kilpailut vuonna 2010? Etelä-Afrikka
91%
Missä Kilimanjaro sijaitsee? Tansaniassa
87%
Mikä seuraavista valtioista on pinta-alaltaan suurin? Tšad
85%
Mikä on Afrikan väkirikkain valtio? Nigeria
83%
Mikä seuraavista valtioista itsenäistyi viimeisimpänä? Eritrea
71%
Mikä seuraavista oli Portugalin siirtomaa? Mosambik
69%
Missä sijaitsee Afrikan mantereen läntisin paikka? Senegalissa
63%
Millä seuraavista on maarajaa Nigerin kanssa? Burkina Fasolla
60%
Minkä nykyisen valtion alueella muinainen Karthagon kaupunki sijaitsi? Tunisiassa
59%
Minkä valtion pääkaupungin nimi tarkoittaa 'kolme kaupunkia'? Libyan
53%
Missä valtiossa on eniten afrikannorsuja? Botswanassa
50%
Missä seuraavista valtiosta on suurin prosentuaalinen osuus muslimeja suhteessa koko väestöön? Mauritaniassa
50%
Minkä valtion johtaja syrjäytettiin arabikevään aikana? Egyptin
49%
Minkä nykyisen saarivaltion alueella drontit (eli dodot) elivät? Mauritiuksella
44%
Missä Afrikan unionin päämaja sijaitsee? Etiopiassa
38%
Ehtoja vastaavia visoja ei löytynyt
Tulosjakauma
Jokaisen tuloksen saaneiden osuus
Persentiili vastausten määrän mukaan
Tuloshistoriasi
Et ole pelannut tätä visaa